000 00755nam a22001937a 4500
008 100323t xxu||||| |||| 00| 0 eng d
020 _a9780123742650
082 _222
_a006.76
_bVOR
100 _aVora, Pawan.
_913027
245 _aWeb application design patterns /
_cPawan Vora.
260 _aAmsterdam ;
_aLondon :
_b Morgan Kaufmann,
_cc.2009.
300 _axiii, 429 p. :
_bcol. ill. ;
_c24 cm
500 _aIncludes bibliographical references and index.
500 _aFormerly CIP.
650 _aWeb services.
_913028
650 _aApplication software -- Development.
_913029
942 _2ddc
_cBB
999 _c13755
_d13755